[Event "XXXV Memorial Edoardo Crespi B"]
[Site "Milano ITA"]
[Date "2014.12.04"]
[Round "1"]
[White "Tiraboschi, Nicolo'"]
[Black "Aloe, Giancarlo"]
[WhiteElo "1419"]
[BlackElo "1631"]
[Result "1-0"]
[PlyCount "129"]
[EventDate "2014.12.06"]

1. c4 Nf6 2. g3 c6 3. d4 e6 4. Nc3 d5 5. cxd5 exd5 6. Nf3 Bb4 7. Bd2 Bg4 8. Bg2
Nbd7 9. O-O O-O 10. a3 Bd6 11. Re1 Ne4 12. Nxe4 dxe4 13. Ng5 Qb6 14. Nxe4 Qxd4
15. Nxd6 Qxd6 16. Bb4 Qxd1 17. Raxd1 Rfe8 18. h3 Be6 19. e4 Nf6 20. f4 Rad8 21.
Bc3 Rxd1 22. Rxd1 Nh5 23. Kh2 g6 24. Rf1 Ng7 25. Bxg7 Kxg7 26. f5 gxf5 27. exf5
Bc4 28. Rf2 f6 29. g4 h6 30. Rf4 Bf7 31. Re4 h5 32. Kg3 Kh6 33. Kf4 hxg4 34.
hxg4 Rd8 35. Re7 Bd5 36. Be4 Bxe4 37. Kxe4 Rb8 38. Rf7 c5 39. Rxf6+ Kg7 40. Ke5
b5 41. Ra6 Rb7 42. g5 c4 43. Ke6 b4 44. axb4 Rxb4 45. Rxa7+ Kg8 46. Rc7 Rxb2
47. Rxc4 Rb6+ 48. Kd5 Kf8 49. Rc6 Rb1 50. Ke6 Re1+ 51. Kf6 Re8 52. Rc7 Ra8 53.
g6 Ra6+ 54. Kg5 Ra1 55. Rh7 Rb1 56. Ra7 Rb8 57. Ra6 Kg8 58. Kf6 Rf8+ 59. Kg5
Rb8 60. Ra5 Kg7 61. f6+ Kg8 62. Kh6 Kh8 63. Ra7 Kg8 64. f7+ Kh8 65. g7# 1-0

[Event "XXXV Memorial Edoardo Crespi B"]
[Site "Milano ITA"]
[Date "2014.12.04"]
[Round "1"]
[White "Trent, Alan M."]
[Black "Grandi, Jessica"]
[WhiteElo "1698"]
[BlackElo "1512"]
[Result "1-0"]
[PlyCount "50"]
[EventDate "2014.12.06"]

1. e4 c5 2. Nc3 d6 3. f4 e6 4. Nf3 Be7 5. d4 cxd4 6. Nxd4 a6 7. Bd3 Bd7 8. O-O
Qb6 9. Be3 Nc6 10. Nce2 e5 11. Nf5 Qc7 12. Nxg7+ Kf8 13. Nh5 Bg4 14. Nhg3 Bh4
15. Qd2 Bxe2 16. Nxe2 exf4 17. Nxf4 Qd7 18. Bc4 Ke8 19. Nd5 Bd8 20. Rab1 b5 21.
Nb6 Bxb6 22. Bxf7+ Kd8 23. Bxb6+ Kc8 24. Qd5 Nge7 25. Qb3 Kb7 1-0

[Event "XXXV Memorial Edoardo Crespi B"]
[Site "Milano ITA"]
[Date "2014.12.04"]
[Round "1"]
[White "Vece, Luigi"]
[Black "Delle Fave, Fabio"]
[WhiteElo "1608"]
[BlackElo "1782"]
[Result "0-1"]
[PlyCount "106"]
[EventDate "2014.12.06"]

1. e4 c6 2. d4 d5 3. Nc3 dxe4 4. Nxe4 Bf5 5. Nc5 Qc7 6. Nf3 e6 7. Bc4 Bxc5 8.
dxc5 Qa5+ 9. Bd2 Qxc5 10. Qe2 Nf6 11. Bc3 Nbd7 12. Bd4 Qd6 13. Rd1 Qf4 14. Ne5
Nxe5 15. Bxe5 Qe4 16. Qxe4 Bxe4 17. c3 Bd5 18. Rd4 Rd8 19. Ke2 Bxc4+ 20. Rxc4
Rd5 21. Bd4 a6 22. Rb4 b5 23. Bb6 Re5+ 24. Be3 Nd5 25. Rg4 g6 26. Kf3 h5 27.
Re4 Rf5+ 28. Ke2 Nxe3 29. Kxe3 Ke7 30. Rd1 Rd5 31. Rdd4 Rhd8 32. c4 Rxd4 33.
Rxd4 Rd6 34. c5 Rd5 35. b4 Kf6 36. Rf4+ Rf5 37. Rd4 Re5+ 38. Kf3 Rd5 39. Rf4+
Rf5 40. Ke4 Rxf4+ 41. Kxf4 e5+ 42. Ke4 Ke6 43. f4 f5+ 44. Ke3 e4 45. Kd4 Kf6
46. h4 Ke6 47. g3 Kf6 48. Ke3 Ke7 49. a3 Kd7 50. Kd4 Ke6 51. Kc3 Kd5 52. Kd2
Kc4 53. Kc2 e3 0-1

[Event "XXXV Memorial Edoardo Crespi B"]
[Site "Milano ITA"]
[Date "2014.12.05"]
[Round "2"]
[White "Carbone, Lorenzo"]
[Black "Libutti, Michele"]
[WhiteElo "1594"]
[BlackElo "1764"]
[Result "1/2-1/2"]
[PlyCount "81"]
[EventDate "2014.12.06"]

1. e4 c6 2. c4 e5 3. Nf3 d6 4. h3 Nf6 5. Nc3 Be7 6. d4 Qc7 7. Bd3 Nbd7 8. Be3
exd4 9. Nxd4 Ne5 10. Be2 Be6 11. Nxe6 fxe6 12. O-O O-O 13. f4 Ng6 14. Qe1 e5
15. f5 Nf4 16. Bxf4 exf4 17. Rxf4 d5 18. Rf1 Bc5+ 19. Kh1 Nxe4 20. Nxe4 dxe4
21. Rd1 Rad8 22. Rxd8 Qxd8 23. b4 Be7 24. Bd1 Qd3 25. Bb3 c5 26. b5 e3 27. Rf3
Rxf5 28. Rxf5 Qxf5 29. Qxe3 Qf1+ 30. Qg1 Qd3 31. Qd1 Qg6 32. Qg1 b6 33. Bd1 Bf6
34. Bf3 Bd4 35. Bd5+ Kf8 36. Qf1+ Qf6 37. Qxf6+ Bxf6 38. g4 Ke7 39. Kg2 Bd4 40.
Kf3 Kf6 41. h4 1/2-1/2

[Event "XXXV Memorial Edoardo Crespi B"]
[Site "Milano ITA"]
[Date "2014.12.05"]
[Round "2"]
[White "Carli, Federico"]
[Black "Tiraboschi, Nicolo'"]
[WhiteElo "1671"]
[BlackElo "1419"]
[Result "1-0"]
[PlyCount "45"]
[EventDate "2014.12.06"]

1. e4 e6 2. d4 d5 3. Nc3 Nf6 4. Bg5 dxe4 5. Nxe4 Be7 6. Nxf6+ Bxf6 7. Bxf6 Qxf6
8. Nf3 O-O 9. Bd3 c5 10. O-O cxd4 11. Nxd4 b6 12. Be4 Rd8 13. Bxa8 Ba6 14. c3
e5 15. Re1 exd4 16. Qxd4 Qxd4 17. cxd4 g6 18. Bf3 Nd7 19. Re7 Bc4 20. b3 Be6
21. d5 Kf8 22. dxe6 Kxe7 23. exd7 1-0

[Event "XXXV Memorial Edoardo Crespi B"]
[Site "Milano ITA"]
[Date "2014.12.05"]
[Round "2"]
[White "Cerutti, Fabio Maria"]
[Black "Cervini, Gian Piero"]
[WhiteElo "1659"]
[BlackElo "1782"]
[Result "1-0"]
[PlyCount "47"]
[EventDate "2014.12.06"]

1. e4 g6 2. d4 Bg7 3. Nc3 d6 4. f4 Nf6 5. Nf3 O-O 6. Bd3 c5 7. dxc5 dxc5 8. e5
Nd5 9. Nxd5 Qxd5 10. Qe2 e6 11. Be4 Qd8 12. Be3 Na6 13. h4 h5 14. Ng5 Rb8 15.
g4 hxg4 16. h5 f6 17. exf6 Bxf6 18. Qxg4 e5 19. Ne6 Qe8 20. Bd5 Nb4 21. Bb3 c4
22. Bxc4 Qc6 23. Qxg6+ Kh8 24. Qh6+ 1-0

[Event "XXXV Memorial Edoardo Crespi B"]
[Site "Milano ITA"]
[Date "2014.12.05"]
[Round "2"]
[White "Confalonieri, Luca"]
[Black "Madaschi, Sergio"]
[WhiteElo "1699"]
[BlackElo "1498"]
[Result "1-0"]
[PlyCount "53"]
[EventDate "2014.12.06"]

1. e4 c5 2. Nf3 Nc6 3. d4 cxd4 4. Nxd4 e5 5. Nf3 Nf6 6. Bc4 Be7 7. O-O O-O 8.
Nc3 d6 9. Be3 Be6 10. Bb3 a6 11. Qe2 b5 12. Rfd1 b4 13. Na4 d5 14. exd5 Bxd5
15. Bxd5 Nxd5 16. Nb6 Nf4 17. Qc4 Nd4 18. Bxd4 exd4 19. Nxa8 Qxa8 20. Re1 Ne6
21. Rxe6 fxe6 22. Qxe6+ Rf7 23. Ne5 Qf8 24. Qxf7+ Qxf7 25. Nxf7 Kxf7 26. f3 Bc5
27. Kf1 1-0

[Event "XXXV Memorial Edoardo Crespi B"]
[Site "Milano ITA"]
[Date "2014.12.05"]
[Round "2"]
[White "Delle Fave, Fabio"]
[Black "Guglielmetti, Oscar"]
[WhiteElo "1782"]
[BlackElo "1669"]
[Result "1-0"]
[PlyCount "37"]
[EventDate "2014.12.06"]

1. e4 g6 2. d4 d6 3. Be3 Nf6 4. Bd3 Bg7 5. f3 O-O 6. Ne2 Nc6 7. c4 e5 8. Nbc3
exd4 9. Nxd4 Nxd4 10. Bxd4 Be6 11. O-O a6 12. Qd2 Qe7 13. Rfe1 Nd7 14. Bxg7
Kxg7 15. Nd5 Bxd5 16. exd5 Qf6 17. Re4 Nc5 18. Rf4 Qg5 19. Rxf7+ 1-0

[Event "XXXV Memorial Edoardo Crespi B"]
[Site "Milano ITA"]
[Date "2014.12.05"]
[Round "2"]
[White "Figini, Vittorio"]
[Black "Invernizzi, Ferruccio"]
[WhiteElo "1477"]
[BlackElo "1598"]
[Result "0-1"]
[PlyCount "84"]
[EventDate "2014.12.06"]

1. e4 d6 2. d4 Nf6 3. Nc3 g6 4. Nf3 Bg7 5. h3 O-O 6. Bc4 c6 7. a3 Qc7 8. Be3
Nbd7 9. Qd2 e5 10. O-O-O b5 11. Ba2 a5 12. dxe5 dxe5 13. Qd6 Qxd6 14. Rxd6 b4
15. Na4 bxa3 16. bxa3 c5 17. Nd2 Ne8 18. Rd3 Nef6 19. f3 Ba6 20. Bc4 Bxc4 21.
Nxc4 Rac8 22. Kd2 Rc7 23. Rb1 Nh5 24. Rb5 Nf4 25. Bxf4 exf4 26. Rxa5 Ne5 27.
Nxe5 Bxe5 28. Rd5 Bd4 29. Nxc5 Be3+ 30. Kd3 Rfc8 31. Na4 Rxc2 32. Rac5 Rd2+ 33.
Kc4 Rc2+ 34. Kb5 Bxc5 35. Nxc5 Rxg2 36. e5 Rb2+ 37. Ka5 Ra8+ 38. Na6 Rb3 39. a4
Rxf3 40. Kb6 Rb3+ 41. Rb5 Rxb5+ 42. axb5 f3 0-1

[Event "XXXV Memorial Edoardo Crespi B"]
[Site "Milano ITA"]
[Date "2014.12.05"]
[Round "2"]
[White "Frignani, Alessandro"]
[Black "Mapelli, Davide"]
[WhiteElo "1389"]
[BlackElo "1576"]
[Result "0-1"]
[PlyCount "62"]
[EventDate "2014.12.06"]

1. e4 e5 2. Bc4 Nc6 3. c3 Bc5 4. Qf3 Nf6 5. h3 d6 6. Bb3 Be6 7. Bd1 d5 8. d3
dxe4 9. dxe4 Bxf2+ 10. Kxf2 Nxe4+ 11. Qxe4 Qxd1 12. Qe3 O-O 13. Nd2 f5 14. Qe2
Qa4 15. Ngf3 Qa5 16. Nf1 Rae8 17. g3 Bd5 18. Rh2 f4 19. g4 e4 20. Nh4 e3+ 21.
Ke1 f3 22. Qd3 e2 23. Bd2 exf1=Q+ 24. Kxf1 Qc5 25. b4 Qc4 26. Qxc4 Bxc4+ 27.
Kf2 Re2+ 28. Kg3 Rxh2 29. Kxh2 f2 30. Kg2 f1=Q+ 31. Rxf1 Bxf1+ 0-1

[Event "XXXV Memorial Edoardo Crespi B"]
[Site "Milano ITA"]
[Date "2014.12.05"]
[Round "2"]
[White "Grandi, Jessica"]
[Black "Casamassima, Paolo"]
[WhiteElo "1512"]
[BlackElo "1709"]
[Result "0-1"]
[PlyCount "112"]
[EventDate "2014.12.06"]

1. e4 c5 2. c3 e6 3. d4 cxd4 4. cxd4 Nc6 5. Nf3 Nf6 6. Bd3 Qb6 7. d5 exd5 8.
exd5 Nxd5 9. O-O Be7 10. b3 Bf6 11. Bc4 Nde7 12. Ng5 Ne5 13. Na3 h6 14. Ne4 O-O
15. Nxf6+ Qxf6 16. Rb1 Nxc4 17. Nxc4 d5 18. Na3 a6 19. Bb2 Qg6 20. Qf3 Be6 21.
Rfe1 Rad8 22. Rbc1 Nf5 23. Nc2 d4 24. Rcd1 Bd5 25. Qh3 Be6 26. Qf3 Nh4 27. Qe4
Qxe4 28. Rxe4 Bf5 29. Rxh4 Bxc2 30. Rdxd4 Rde8 31. h3 Re1+ 32. Kh2 Rfe8 33.
Rdg4 Bg6 34. Rc4 R1e2 35. Bc3 Rxf2 36. a4 Rfe2 37. Rb4 R8e7 38. Rhd4 Kh7 39.
Rd8 Be4 40. Rd2 Bxg2 41. Rxe2 Rxe2 42. Kg3 Bc6 43. Kf4 Rf2+ 44. Ke5 Rf3 45. Bd2
Rxh3 46. Rb6 Rh5+ 47. Kd4 Rf5 48. Kc4 h5 49. Be1 g5 50. Kd3 h4 51. Rb4 h3 52.
Bh4 h2 53. Bxg5 Rxg5 54. Rh4+ Kg6 55. Rxh2 Rg3+ 56. Kc4 f5 0-1

[Event "XXXV Memorial Edoardo Crespi B"]
[Site "Milano ITA"]
[Date "2014.12.05"]
[Round "2"]
[White "Lapitan, Eusebio"]
[Black "Ragoso, Mario"]
[WhiteElo "1690"]
[BlackElo "1626"]
[Result "1-0"]
[PlyCount "61"]
[EventDate "2014.12.06"]

1. e4 e5 2. f4 exf4 3. Nf3 g5 4. h4 g4 5. Ne5 Nf6 6. Bc4 d5 7. exd5 Bd6 8. d4
Qe7 9. Bxf4 Bf5 10. Nc3 Nbd7 11. Qe2 Nh5 12. O-O Nxf4 13. Rxf4 Nxe5 14. dxe5
Bc5+ 15. Kf1 Qxh4 16. Qd2 Qh1+ 17. Ke2 Qxg2+ 18. Kd1 Qh1+ 19. Rf1 Qh5 20. Qf4
g3+ 21. Be2 Qg6 22. Qxf5 Qxf5 23. Rxf5 g2 24. Kd2 Rg8 25. Ne4 O-O-O 26. Nxc5
Rxd5+ 27. Nd3 g1=Q 28. Rxg1 Rxg1 29. Rxf7 Rg5 30. e6 h5 31. Rf8+ 1-0

[Event "XXXV Memorial Edoardo Crespi B"]
[Site "Milano ITA"]
[Date "2014.12.05"]
[Round "2"]
[White "Lunghi, Samuele"]
[Black "Conta, Diego"]
[WhiteElo "1496"]
[BlackElo "1654"]
[Result "1/2-1/2"]
[PlyCount "86"]
[EventDate "2014.12.06"]

1. e4 e6 2. d4 d5 3. Nc3 Bb4 4. e5 c5 5. Nf3 Nc6 6. Be3 b6 7. a3 Bxc3+ 8. bxc3
c4 9. Be2 f6 10. Qd2 fxe5 11. Bg5 Qc7 12. dxe5 Nge7 13. Bxe7 Qxe7 14. O-O O-O
15. Qe3 Bd7 16. Nd4 Be8 17. Bg4 Nxd4 18. cxd4 Bg6 19. c3 Rf7 20. Qh3 Bf5 21.
Bxf5 Rxf5 22. Qe3 Raf8 23. Ra2 Qh4 24. Qg3 Qh6 25. Re2 Rg5 26. Qe3 Qh5 27. f4
Rgf5 28. Ref2 g5 29. Qf3 Qxf3 30. Rxf3 g4 31. R3f2 h5 32. g3 Kf7 33. Rb1 Ke8
34. Kg2 Rh8 35. Rh1 h4 36. Rff1 h3+ 37. Kf2 Kd7 38. Rb1 Rb8 39. Rb2 Kc6 40.
Rhb1 a6 41. Ke3 Rb7 42. Kd2 Rf8 43. Rb4 Rf5 1/2-1/2

[Event "XXXV Memorial Edoardo Crespi B"]
[Site "Milano ITA"]
[Date "2014.12.05"]
[Round "2"]
[White "Maccari, Piergiuseppe"]
[Black "Biffi, Roberto"]
[WhiteElo "1714"]
[BlackElo "1645"]
[Result "0-1"]
[PlyCount "64"]
[EventDate "2014.12.06"]

1. Nf3 g6 2. d4 d5 3. g3 Bg7 4. Bg2 Nf6 5. O-O O-O 6. c4 c6 7. Nc3 Nbd7 8. cxd5
cxd5 9. Qb3 Nb6 10. Rd1 h6 11. Ne5 Bf5 12. a4 a5 13. Bf4 g5 14. Be3 Rc8 15.
Rac1 Qd6 16. Qb5 Qb4 17. Nxd5 Nbxd5 18. Bxd5 Nxd5 19. Qxd5 Qxb2 20. Rxc8 Bxc8
21. Rc1 Be6 22. Qb5 Qxb5 23. axb5 Rc8 24. Rxc8+ Bxc8 25. Nc4 a4 26. Bc1 Bd7 27.
e3 Bxb5 28. Na3 Bd3 29. Bd2 b5 30. f3 e6 31. Kf2 Bf8 32. Nxb5 Bxb5 0-1

[Event "XXXV Memorial Edoardo Crespi B"]
[Site "Milano ITA"]
[Date "2014.12.05"]
[Round "2"]
[White "Marcuzzo, Stefano"]
[Black "Costanza, Calogero"]
[WhiteElo "1428"]
[BlackElo "1579"]
[Result "1-0"]
[PlyCount "45"]
[EventDate "2014.12.06"]

1. e4 d6 2. d4 Nc6 3. c4 e5 4. d5 Nce7 5. Nf3 h6 6. Be3 f5 7. Bd3 Nf6 8. Nc3 f4
9. Bd2 Ng6 10. b4 Be7 11. Na4 Bd7 12. c5 O-O 13. Rc1 Bg4 14. Qe2 Qe8 15. Bb5
Qd8 16. cxd6 Bxd6 17. Nc5 Rb8 18. h3 a6 19. hxg4 axb5 20. Ne6 Qe7 21. Nxf8 Rxf8
22. Qxb5 b6 23. g5 1-0

[Event "XXXV Memorial Edoardo Crespi B"]
[Site "Milano ITA"]
[Date "2014.12.05"]
[Round "2"]
[White "Nikonov, Maxim"]
[Black "Crippa, Oscar"]
[WhiteElo "1449"]
[BlackElo "1681"]
[Result "0-1"]
[PlyCount "54"]
[EventDate "2014.12.06"]

1. e4 e6 2. d4 d5 3. exd5 exd5 4. Nf3 Bd6 5. Bd3 Nc6 6. O-O Bg4 7. c3 Nge7 8.
Bg5 f6 9. Bh4 Qd7 10. a4 O-O-O 11. Na3 Nf5 12. Bg3 Bxg3 13. fxg3 Ne3 14. Qe2
Nxf1 15. Qxf1 Rhe8 16. Bxh7 Re7 17. h3 Bf5 18. Bxf5 Qxf5 19. Nh4 Qxf1+ 20. Rxf1
Re2 21. Nf5 Rg8 22. b4 Kd7 23. Kh2 Ne7 24. Nxg7 Rxg7 25. Rxf6 Re3 26. g4 Rxc3
27. Nb1 Rc4 0-1

[Event "XXXV Memorial Edoardo Crespi B"]
[Site "Milano ITA"]
[Date "2014.12.05"]
[Round "2"]
[White "Palvarini, Mario"]
[Black "Vece, Luigi"]
[WhiteElo "1479"]
[BlackElo "1608"]
[Result "0-1"]
[PlyCount "100"]
[EventDate "2014.12.06"]

1. e4 Nf6 2. Nc3 d6 3. d4 g6 4. Bc4 Bg7 5. Nf3 O-O 6. O-O Bg4 7. h3 Bd7 8. Re1
e6 9. Bg5 h6 10. Bd2 Nc6 11. d5 Ne7 12. dxe6 Bxe6 13. Bxe6 fxe6 14. Qc1 Kh7 15.
Nd4 Qd7 16. f3 Nh5 17. Nde2 e5 18. Rf1 g5 19. g4 Nf4 20. Nxf4 exf4 21. Kg2 d5
22. Nxd5 Nxd5 23. exd5 Qxd5 24. c4 Qd3 25. Qb1 Rad8 26. Rd1 Rfe8 27. Qxd3+ Rxd3
28. Bc3 Red8 29. Rxd3 Rxd3 30. Bxg7 Kxg7 31. b3 Kf6 32. Rf1 Ke5 33. Re1+ Re3
34. Rd1 Re2+ 35. Kg1 Rxa2 36. Rd7 Rb2 37. Rd3 Ke6 38. c5 Re2 39. b4 Re3 40. Rd8
Rxf3 41. Kg2 Rb3 42. Rh8 Rxb4 43. Rxh6+ Ke5 44. Rg6 Ke4 45. Rxg5 Rb2+ 46. Kf1
f3 47. Rf5 Rh2 48. Rh5 Kf4 49. g5 Kg3 50. Ke1 f2+ 0-1

[Event "XXXV Memorial Edoardo Crespi B"]
[Site "Milano ITA"]
[Date "2014.12.05"]
[Round "2"]
[White "Pandini, Giuseppe"]
[Black "Orlandini, Andrea"]
[WhiteElo "1712"]
[BlackElo "1637"]
[Result "1-0"]
[PlyCount "99"]
[EventDate "2014.12.06"]

1. f4 d5 2. Nf3 c5 3. e3 Nc6 4. b3 Nf6 5. Bb2 Bf5 6. Bb5 a6 7. Bxc6+ bxc6 8.
O-O e6 9. Ne5 Qc7 10. d3 h5 11. Nd2 Be7 12. h3 Nd7 13. Qe1 Nxe5 14. Bxe5 Bd6
15. Nf3 Bxe5 16. Nxe5 f6 17. Nf3 Kd7 18. Rd1 Rag8 19. c4 Kc8 20. cxd5 cxd5 21.
d4 Kb7 22. Rc1 g5 23. fxg5 fxg5 24. Rxc5 Qb6 25. Ne5 Rg7 26. Qc3 Rc7 27. Rxc7+
Qxc7 28. Qxc7+ Kxc7 29. Rc1+ Kb7 30. Nf7 Rf8 31. Nxg5 Rc8 32. Rc5 Rxc5 33. dxc5
Kc6 34. b4 Kb5 35. a3 a5 36. Nf3 e5 37. Nxe5 axb4 38. axb4 Kxb4 39. c6 Kb5 40.
Kf2 Kc5 41. Kg3 Kd6 42. Kf4 Be6 43. g4 h4 44. Ng6 Kxc6 45. Nxh4 Kd6 46. Nf5+
Kd7 47. Ke5 Bg8 48. Kf6 Ke8 49. Kg7 Be6 50. h4 1-0

[Event "XXXV Memorial Edoardo Crespi B"]
[Site "Milano ITA"]
[Date "2014.12.05"]
[Round "2"]
[White "Pavlidis, Pavlos"]
[Black "Luscenkovs, Artjoms"]
[WhiteElo "1626"]
[BlackElo "1712"]
[Result "1-0"]
[PlyCount "63"]
[EventDate "2014.12.06"]

1. e4 c5 2. Nf3 e6 3. d4 cxd4 4. Nxd4 a6 5. Nc3 Qc7 6. Bd3 Nc6 7. Nb3 Nf6 8.
Qe2 Be7 9. O-O O-O 10. Bd2 b5 11. f4 d6 12. Kh1 Bb7 13. Nd1 Rac8 14. Nf2 Rfd8
15. Ng4 Nxg4 16. Qxg4 Bf6 17. c3 Qe7 18. Rf3 e5 19. f5 d5 20. Rg3 dxe4 21. Bxe4
Kh8 22. Rh3 Qf8 23. Qh5 h6 24. g4 Rxd2 25. Nxd2 Qe7 26. Nf3 Kg8 27. Rg1 Nd8 28.
Bxb7 Qxb7 29. g5 e4 30. gxf6 exf3 31. Rxg7+ Kf8 32. Rxf3 1-0

[Event "XXXV Memorial Edoardo Crespi B"]
[Site "Milano ITA"]
[Date "2014.12.05"]
[Round "2"]
[White "Pili, Giangiuseppe"]
[Black "Staunovo, Daniele"]
[WhiteElo "1678"]
[BlackElo "1513"]
[Result "1-0"]
[PlyCount "63"]
[EventDate "2014.12.06"]

1. d4 Nf6 2. c4 e6 3. Nc3 Bb4 4. Qc2 O-O 5. e4 b6 6. e5 Ne8 7. Qe4 c6 8. Bd3 f5
9. Qe2 Bb7 10. Nf3 d6 11. Ng5 Qd7 12. O-O dxe5 13. Qxe5 Nc7 14. Bf4 Nba6 15. h4
Rad8 16. Ne2 Rfe8 17. Nf3 Be7 18. Qe3 Bf6 19. Ne5 Bxe5 20. Bxe5 c5 21. h5 Nb4
22. Rad1 Nc6 23. dxc5 Nxe5 24. Qxe5 Na6 25. cxb6 axb6 26. Bxf5 Qc6 27. Bh3 Nb4
28. Rxd8 Rxd8 29. Nf4 Bc8 30. Bxe6+ Bxe6 31. Nxe6 Re8 32. Qxg7# 1-0

[Event "XXXV Memorial Edoardo Crespi B"]
[Site "Milano ITA"]
[Date "2014.12.05"]
[Round "2"]
[White "Pipitone, Filippo Massimo"]
[Black "Lamperti, Gianloris"]
[WhiteElo "1545"]
[BlackElo "1700"]
[Result "0-1"]
[PlyCount "89"]
[EventDate "2014.12.06"]

1. d4 d5 2. Nf3 Nf6 3. e3 Bg4 4. c4 c6 5. Qb3 Qb6 6. Ne5 Bf5 7. Qxb6 axb6 8.
Nc3 e6 9. Be2 Nbd7 10. Nf3 h6 11. O-O Bd6 12. h3 O-O 13. cxd5 exd5 14. Bd2 b5
15. a3 Nb6 16. Ne1 b4 17. Na2 bxa3 18. b3 Ne4 19. Nf3 Rfe8 20. Nc3 Nxd2 21.
Nxd2 Bb4 22. Rfc1 Bg6 23. Nf3 f6 24. Nh2 f5 25. Kf1 f4 26. exf4 Re7 27. Nf3 Rf8
28. Ne5 Bh7 29. Bf3 g5 30. Ne2 Nd7 31. Nxd7 Rxd7 32. Ng3 Rdf7 33. Ra2 Rxf4 34.
Ne2 Bd3 35. Kg1 Bxe2 36. Rxe2 Rxd4 37. Bg4 Rd2 38. Rxd2 Bxd2 39. Rc2 Bb4 40.
Kf1 Re8 41. Be2 d4 42. Bc4+ Kg7 43. g3 Re1+ 44. Kg2 Rb1 45. Be6 0-1

[Event "XXXV Memorial Edoardo Crespi B"]
[Site "Milano ITA"]
[Date "2014.12.05"]
[Round "2"]
[White "Pirovano, Ezio"]
[Black "Fantina, Carla"]
[WhiteElo "1528"]
[BlackElo "1359"]
[Result "1-0"]
[PlyCount "27"]
[EventDate "2014.12.06"]

1. e4 d6 2. d4 Nf6 3. Nc3 g6 4. Be3 Bg7 5. Qd2 Ng4 6. Bg5 h6 7. Bh4 O-O 8. f3
Nf6 9. O-O-O Kh7 10. e5 dxe5 11. dxe5 Qxd2+ 12. Rxd2 g5 13. exf6 Bxf6 14. Bg3
1-0

[Event "XXXV Memorial Edoardo Crespi B"]
[Site "Milano ITA"]
[Date "2014.12.26"]
[Round "2"]
[White "Poletto, Daniele"]
[Black "Colica, Daniele"]
[WhiteElo "1709"]
[BlackElo "1705"]
[Result "1-0"]
[PlyCount "113"]
[EventDate "2014.12.06"]

1. c4 d5 2. Nf3 Nf6 3. g3 Nc6 4. cxd5 Nxd5 5. Nc3 e5 6. Bg2 Be6 7. O-O Be7 8.
d3 O-O 9. Bd2 Nxc3 10. Bxc3 f6 11. b3 Nd4 12. Nxd4 exd4 13. Bb2 Bd5 14. Rc1
Bxg2 15. Kxg2 c5 16. Qc2 Qd7 17. Qc4+ Kh8 18. a4 b6 19. Ra1 f5 20. b4 Rad8 21.
bxc5 bxc5 22. Ba3 f4 23. f3 Rfe8 24. Bxc5 Bxc5 25. Qxc5 Rxe2+ 26. Rf2 Rxf2+ 27.
Kxf2 Rc8 28. Qh5 Qc6 29. gxf4 Qc2+ 30. Kg3 Qc7 31. Re1 Rf8 32. Qe5 Qd8 33. Re4
h6 34. Qxd4 Qc7 35. Qc4 Qb6 36. Qd4 Qg6+ 37. Kf2 Qh5 38. Kg2 Qg6+ 39. Kf2 Qh5
40. Kg2 Rf6 41. f5 Rxf5 42. Rg4 Qf7 43. Qe4 Qa2+ 44. Kg3 Rf6 45. Qa8+ Kh7 46.
Qxa7 Rf7 47. Qd4 Qe2 48. Qe4+ Qxe4 49. Rxe4 Kg6 50. a5 Ra7 51. Ra4 Kf5 52. a6
g5 53. Ra5+ Kg6 54. h4 gxh4+ 55. Kxh4 Kg7 56. Kh5 Kh7 57. d4 1-0

[Event "XXXV Memorial Edoardo Crespi B"]
[Site "Milano ITA"]
[Date "2014.12.05"]
[Round "2"]
[White "Rigotti, Gianluigi"]
[Black "Trent, Alan M."]
[WhiteElo "1564"]
[BlackElo "1698"]
[Result "0-1"]
[PlyCount "40"]
[EventDate "2014.12.06"]

1. e4 g6 2. c3 c6 3. d4 d5 4. Bd3 Bg7 5. Ne2 Nf6 6. e5 Ng4 7. f3 Nh6 8. O-O O-O
9. Be3 Nf5 10. Bg5 h6 11. Bd2 c5 12. g4 Nh4 13. Be1 e6 14. Bg3 cxd4 15. cxd4
Nc6 16. Qe1 g5 17. Bxh4 gxh4 18. a3 Qb6 19. Qc3 Bxe5 20. Kg2 Bxd4 0-1

[Event "XXXV Memorial Edoardo Crespi B"]
[Site "Milano ITA"]
[Date "2014.12.05"]
[Round "2"]
[White "Silari, Andrea"]
[Black "Izzo, Riccardo"]
[WhiteElo "1719"]
[BlackElo "1647"]
[Result "1/2-1/2"]
[PlyCount "58"]
[EventDate "2014.12.06"]

1. e4 e5 2. Nf3 Nc6 3. Bb5 a6 4. Ba4 Nf6 5. O-O b5 6. Bb3 Be7 7. Re1 O-O 8. c3
d6 9. h3 Na5 10. Bc2 c5 11. d4 Qc7 12. d5 h6 13. Nbd2 Nh7 14. Nf1 Nc4 15. Ng3
Nb6 16. b3 a5 17. a3 Bd7 18. Be3 a4 19. b4 cxb4 20. cxb4 Nc4 21. Nd2 Nxe3 22.
fxe3 Rac8 23. Rc1 Qb6 24. Nf5 Bg5 25. h4 Bf6 26. g3 Bxf5 27. exf5 Rc3 28. Kf2
Rfc8 29. Nb1 R3c4 1/2-1/2

[Event "XXXV Memorial Edoardo Crespi B"]
[Site "Milano ITA"]
[Date "2014.12.05"]
[Round "2"]
[White "Simeone, Giulio Maria"]
[Black "Calabrese, Maurizio"]
[WhiteElo "1612"]
[BlackElo "1477"]
[Result "1-0"]
[PlyCount "43"]
[EventDate "2014.12.06"]

1. Nf3 Nc6 2. g3 g6 3. Bg2 b6 4. O-O Bb7 5. c4 Bg7 6. Nc3 e5 7. b3 d6 8. Rb1
Nge7 9. Bb2 Nd4 10. e4 c5 11. Nxd4 exd4 12. Ne2 O-O 13. Nf4 Re8 14. Nd3 Qc7 15.
Nf4 Nc6 16. Nd5 Qd7 17. d3 Ne5 18. f4 Ng4 19. Bh3 Bxd5 20. Bxg4 Be6 21. f5 gxf5
22. exf5 1-0

[Event "XXXV Memorial Edoardo Crespi B"]
[Site "Milano ITA"]
[Date "2014.12.05"]
[Round "2"]
[White "Spano', Pietro"]
[Black "Esposito, Giuseppe"]
[WhiteElo "1645"]
[BlackElo "1718"]
[Result "1-0"]
[PlyCount "106"]
[EventDate "2014.12.06"]

1. d4 Nf6 2. c4 c5 3. d5 b5 4. cxb5 a6 5. Nc3 axb5 6. Nxb5 Ba6 7. Nc3 g6 8. e4
Bxf1 9. Kxf1 d6 10. f4 Bg7 11. e5 Nfd7 12. exd6 exd6 13. Qe1+ Qe7 14. Qxe7+
Kxe7 15. Nge2 Nf6 16. Kf2 Ng4+ 17. Kf3 h5 18. h3 Nh6 19. Re1 Re8 20. Ng3+ Kf8
21. Rxe8+ Kxe8 22. Nge4 Kd7 23. Ng5 Na6 24. Nge4 Nb4 25. Bd2 Nf5 26. g4 hxg4+
27. hxg4 Nd4+ 28. Kg3 f5 29. gxf5 Nxf5+ 30. Kg2 Nh4+ 31. Kh3 Rh8 32. Kg4 Nf5
33. Ng5 Rh4+ 34. Kf3 Nc2 35. Rc1 Ncd4+ 36. Ke4 c4 37. Rg1 Rh2 38. Be3 Nxe3 39.
Kxe3 Rxb2 40. Nge4 Nf5+ 41. Kf3 Bd4 42. Rh1 Rc2 43. Rh7+ Ke8 44. Nb5 Kf8 45.
Nbxd6 Kg8 46. Nxf5 gxf5 47. Ng5 Rf2+ 48. Kg3 Rxa2 49. Rc7 c3 50. d6 Ra8 51. d7
Bf6 52. Rc8+ Kg7 53. Rxa8 c2 1-0

[Event "XXXV Memorial Edoardo Crespi B"]
[Site "Milano ITA"]
[Date "2014.12.05"]
[Round "2"]
[White "Strada, Giorgio"]
[Black "Baccarin, Stefano"]
[WhiteElo "1269"]
[BlackElo "1673"]
[Result "0-1"]
[PlyCount "48"]
[EventDate "2014.12.06"]

1. d4 Nf6 2. Nf3 g6 3. Nbd2 Bg7 4. e3 O-O 5. Bd3 d6 6. O-O c5 7. c3 Nbd7 8. Re1
e5 9. dxe5 dxe5 10. e4 Qc7 11. b3 Nh5 12. Ba3 b6 13. Qc2 Nf4 14. Bc4 Bb7 15.
Nf1 Nf6 16. Ng3 Rad8 17. Rad1 h6 18. Rd2 Rxd2 19. Nxd2 Kh8 20. f3 Ne8 21. b4
Nd6 22. Bb3 c4 23. b5 cxb3 24. Qxb3 Rc8 0-1

[Event "XXXV Memorial Edoardo Crespi B"]
[Site "Milano ITA"]
[Date "2014.12.05"]
[Round "2"]
[White "Torelli, Mauro"]
[Black "Pasini, Nicolo'"]
[WhiteElo "1702"]
[BlackElo "1631"]
[Result "0-1"]
[PlyCount "68"]
[EventDate "2014.12.06"]

1. c4 Nf6 2. Nc3 d5 3. e3 g6 4. d4 Bg7 5. Be2 O-O 6. Nf3 c5 7. O-O cxd4 8. Nxd4
Nc6 9. Nf3 dxc4 10. Bxc4 Bf5 11. Nh4 Bg4 12. f3 Bd7 13. e4 Qb6+ 14. Kh1 Rfd8
15. Qb3 Qxb3 16. axb3 Ne5 17. Be3 Nxc4 18. bxc4 e6 19. e5 Ne8 20. f4 a6 21.
Rad1 Bc6 22. Nf3 b5 23. Nd4 Bb7 24. cxb5 Nc7 25. Nc6 Rxd1 26. Rxd1 Nxb5 27. Na5
Nxc3 28. bxc3 Be4 29. c4 Bf8 30. c5 Rc8 31. Rc1 Be7 32. Kg1 Bd5 33. Nc4 Bxc5
34. Nb6 Bxe3+ 0-1